Memoria Pre-Congreso 2011 ISFODOSU-IDEICE (Record no. 8840)

MARC details
000 -LEADER
campo de control de longitud fija 00468nam a2200145Ia 4500
001 - NÚMERO DE CONTROL
campo de control 2844
008 - DATOS DE LONGITUD FIJA--INFORMACIÓN GENERAL
campo de control de longitud fija 241024s9999 xx 000 0 und d
020 ## - NÚMERO INTERNACIONAL ESTÁNDAR DEL LIBRO
Número Internacional Estándar del Libro 2306-143X
082 ## - NÚMERO DE LA CLASIFICACIÓN DECIMAL DEWEY
Número de clasificación RD/371.3/R426m/2011/P
100 ## - ENTRADA PRINCIPAL--NOMBRE DE PERSONA
Nombre de persona República Dominicana. Ministerio de Educación
245 #0 - MENCIÓN DEL TÍTULO
Título Memoria Pre-Congreso 2011 ISFODOSU-IDEICE
260 ## - PUBLICACIÓN, DISTRIBUCIÓN, ETC.
Nombre del editor, distribuidor, etc. Instituto Dominicano de Evaluación e Investigación de la Calidad Educativa
Fecha de publicación, distribución, etc. 2012
901 ## - ELEMENTOS DE DATOS A LOCAL LDA (RLIN)
a 5/4/2013 10:18:26 a.m.

No items available.

© 2024. Todos los Derechos Reservados. Desarrollado por IDEICE